[路線図付き] 京都市営地下鉄 烏丸線 駅名穴埋めクイズ - Statistics

General Stats
  • This quiz has been taken 1,008 times
  • The average score is 12 of 15
Answers on the Map
Answers color-coded by a green-red scale on the quiz's map according to % correct below.
 
Answer Stats
Answer % Correct
烏丸線 K11 京都
98%
烏丸線 K01 国際会館
92%
烏丸線 K09 四条
92%
烏丸線 K15 竹田
89%
烏丸線 K08 烏丸御池
88%
烏丸線 K10 五条
85%
烏丸線 K12 九条
82%
烏丸線 K13 十条
78%
烏丸線 K14 くいな橋
74%
烏丸線 K04 北大路
71%
烏丸線 K06 今出川
70%
烏丸線 K07 丸太町
66%
烏丸線 K03 北山
64%
烏丸線 K02 松ヶ崎
60%
烏丸線 K05 鞍馬口
60%
No matching quizzes found
Score Distribution
Percent of People with Each Score
Percentile by Number Answered
Your Score History
You have not taken this quiz